Statystyki dla Nazwij postać z serialu "Breaking bad"

Kliknij tutaj aby rozwiązać quiz!

Ogólne statystyki

  • Ten quiz został rozwiązany 51 razy
  • Średni wynik to 13 z 17

Statystyki odpowiedzi

Odpowiedź% Poprawnych
Walter Junior
100%
Walter White
100%
Jesse Pinkman
98%
Tuco Salamanca
98%
Sustavo Fring
96%
Hank Schrader
94%
Hector Salamanca
89%
Skyler White
87%
Marco i Leonel Salamanca
79%
Borsuk
68%
Marie Schrader
64%
Skinny Pete
57%
Todd
51%
Jane Margolis
49%
Krazy-8
43%
Lydia Rodarte-Quayle
40%
Steven Gomez
40%

Rozkład punktacji

Percentyl według liczby udzielonych odpowiedzi

Procent ludzi z każdym wynikiem

Twoja historia wyników

Nie rozwiązałeś tego quizu